| 000 | 00353nam a2200145 i 4500 | ||
|---|---|---|---|
| 001 | 41107 | ||
| 003 | ES-MaACL | ||
| 005 | 20230906160356.0 | ||
| 007 | t| | ||
| 008 | 030310s1938 sp ||||1| spa d | ||
| 245 | 0 | 0 | _aCartilla sanitaria del combatiente. |
| 260 |
_aMadrid : _bAldus, _c1938. |
||
| 300 |
_a30 p. ; _c15 cm. |
||
| 852 |
_aES-MaACL _j1812-F-1 |
||
| 999 |
_c41107 _d41107 |
||